000
00318 a2200157 4500
001
44197
020
_a
040
_c
Anchieta - Aquarius
100
_a
Andrews, Paul
240
1
0
_a
O ursinho Puff
_l
por
245
1
0
_a
O ursinho Puff
300
_a
362
0
_a
2000
650
4
_a
Literatura infantil
942
_c
BK
999
_c
44197
_d
44197